Intorno all'arte del disegno. Pensieri

Gespeichert in:
Bibliographische Detailangaben
1. Verfasser: Lista, Stanislao.
Format: Buch
Sprache:Italienisch
Erschienen: Napoli Accattoncelli 1889
Katalog:EDISCO:  Suchergebnis im Bibliothekskatalog
Schulbuchspezifische Eigenschaften:
Tags: Tag hinzufügen
Keine Tags, Fügen Sie den ersten Tag hinzu!
Hinzugefügt zu:30.04.2016
Geändert in:18.10.2017

MARC

LEADER 00000aam a22000007 4500
001 02060
003 OSt
005 20171018093453.0
008 160501s1889 it 000 0 ita
040 |c Gianfranco Bandini - Firenze - CLIO 
041 1 |a ita 
100 1 |a Lista, Stanislao. 
245 0 0 |a Intorno all'arte del disegno. Pensieri 
260 |a Napoli  |b Accattoncelli  |c 1889 
300 |a 17, 1/x ;  
901 |a 7 
942 |2 ddc  |c BK 
546 |a ita 
999 |c 2049  |d 2049 
999 |c edisco:2049  |d 2049